|
|
|
|
| LEADER |
00000nam1a2200000 4500 |
| 001 |
191758 |
| 005 |
20231031180822.0 |
| 035 |
|
|
|a (RuTPU)RU\TPU\book\209119
|
| 035 |
|
|
|a RU\TPU\book\169811
|
| 090 |
|
|
|a 191758
|
| 100 |
|
|
|a 20110211d2004 k y0rusy50 ca
|
| 101 |
0 |
|
|a rus
|
| 102 |
|
|
|a RU
|
| 200 |
1 |
|
|a Огнеупоры: материалы, изделия, свойства и применение
|e каталог-справочник
|e в 2 кн.
|f под ред. И. Д. Кащеева
|
| 205 |
|
|
|a 2-е изд., доп.
|
| 210 |
|
|
|a Москва
|c Теплотехник
|d 2004
|
| 702 |
|
1 |
|a Кащеев
|b И. Д.
|g Иван Дмитриевич
|4 340
|
| 801 |
|
1 |
|a RU
|b 63413507
|c 20060830
|g PSBO
|
| 801 |
|
2 |
|a RU
|b 63413507
|c 20110211
|g PSBO
|
| 942 |
|
|
|c BK
|